| 000 | 00717cam a2200205 a 4500 | ||
|---|---|---|---|
| 001 | 000019887 | ||
| 005 | 20200929170158.0 | ||
| 008 | 820602s1981 sp 000 0 spa d | ||
| 020 | _a846002332X | ||
| 040 |
_aDO-SdBNP _bspa _cLC _dBNPHU |
||
| 050 | 0 | 0 | _aIN PROCESS |
| 082 |
_ann* _bnn* |
||
| 100 | 1 |
_aRomera Castillo, Jose, _d1946- _913694 |
|
| 245 | 1 | 0 |
_aNotas a tres obras de Lope, Tirso y Calderon / _cJose Romera Castillo. |
| 260 |
_aMadrid : _bUniversidad Nacional de Educación a Distancia, Departamento de Filologia Hispanica, _c1981. |
||
| 300 |
_a83 p. ; _c21 cm. |
||
| 505 | 0 | _aIncluye notas y referencias bibliográficas al pie de las páginas. | |
| 910 | _aCatalogación derivada / LC | ||
| 049 | _aBNGR | ||
| 999 |
_c19400 _d19400 |
||